000 00698cam a22002171 4500
001 d 01000346
003 DLC
005 20260227111148.0
008 860212m18731882ne 000 0 dut
010 _ad 01000346
035 _a(OCoLC)23413501
040 _aDLC
_cMiU
_dDLC
042 _apremarc
050 0 0 _aDJ241
_b.K3
100 1 _aKemper, Jeronimo de Bosch,
_d1808-1876.
245 0 0 _aGeschiedenis van Nederland na 1830.
_cMet aanteekeningen en onuitgegeven stukken. Door Jhr. Mr. J. De Bosch Kemper.
260 _aAmsterdam,
_bE. S. Witkamp,
_c1873-82.
300 _a5 v.
_c24 cm.
500 _aImprint varies: v. 5, Amsterdam, J. Müller.
651 0 _aNetherlands
_xHistory
_y1830-1849.
999 _c18641
_d18641